3 Biggest Cities in Each African Country - Statistics

General Stats
  • This quiz has been taken 16 times
  • The average score is 53 of 158
Answer Stats
Country Pop. City % Correct
Algeria 1,977,663 Algiers
100%
Angola 2,776,168 Luanda
93%
Ghana 1,963,264 Accra
87%
Ethiopia 2,757,729 Addis Ababa
87%
Egypt 3,811,516 Alexandria
87%
Egypt 7,734,614 Cairo
87%
South Africa 4,709,990 Cape Town
87%
Morocco 3,144,909 Casablanca
87%
Senegal 2,476,400 Dakar
87%
Tanzania 2,698,652 Dar es Salaam
87%
Djibouti 623,891 Djibouti
87%
South Africa 5,926,668 Johannesburg
87%
Sudan 1,974,647 Khartoum
87%
Rwanda 745,261 Kigali
87%
Democratic Republic of the Congo 7,785,965 Kinshasa
87%
Nigeria 9,000,000 Lagos
87%
Somalia 2,587,183 Mogadishu
87%
Kenya 2,750,547 Nairobi
87%
Morocco 1,655,753 Rabat
87%
São Tomé and Príncipe 53,300 Sao Tome
87%
Tunisia 693,210 Tunis
87%
Guinea-Bissau 388,028 Bissau
80%
Republic of The Congo 1,284,609 Brazzaville
80%
South Sudan 450,000 Juba
80%
Uganda 1,353,189 Kampala
80%
Liberia 939,524 Monrovia
80%
Algeria 645,984 Oran
80%
Libya 1,150,989 Tripoli
80%
Namibia 268,132 Windhoek
80%
Madagascar 1,391,433 Antananarivo
73%
Eritrea 563,930 Asmara
73%
Mali 1,297,281 Bamako
73%
Libya 650,629 Benghazi
73%
Guinea 1,767,200 Conakry
73%
Morocco 964,891 Fes
73%
Sierra Leone 802,639 Freetown
73%
Botswana 208,411 Gaborone
73%
Malawi 646,750 Lilongwe
73%
Togo 749,700 Lome
73%
Mozambique 1,191,613 Maputo
73%
Kenya 799,668 Mombasa
73%
Mauritania 661,400 Nouakchott
73%
Cameroon 1,299,369 Yaounde
73%
Ivory Coast 3,677,115 Abidjan
67%
Central African Republic 542,393 Bangui
67%
Zimbabwe 1,542,813 Harare
67%
Nigeria 3,626,068 Kano
67%
Burkina Faso 1,086,505 Ouagadougou
67%
Seychelles 22,881 Victoria
67%
South Africa 3,176,254 Durban
60%
Nigeria 3,565,108 Ibadan
60%
Gabon 578,156 Libreville
60%
Zambia 1,267,440 Lusaka
60%
Chad 721,081 N'Djamena
60%
Niger 774,235 Niamey
60%
Cape Verde 113,364 Praia
60%
Cameroon 1,338,082 Douala
53%
Egypt 2,443,203 Giza
53%
Democratic Republic of the Congo 1,373,770 Lubumbashi
53%
Burundi 331,700 Bujumbura
47%
Benin 780,000 Cotonou
47%
Equatorial Guinea 155,963 Malabo
47%
Lesotho 118,355 Maseru
47%
Comoros 42,872 Moroni
47%
Republic of The Congo 659,084 Pointe-Noire
47%
Mauritius 155,226 Port Louis
47%
Ghana 1,468,609 Kumasi
40%
Tunisia 277,278 Sfax
40%
Mozambique 530,604 Beira
33%
Democratic Republic of the Congo 874,761 Mbuji-Mayi
33%
Malawi 584,877 Blantyre
27%
Tanzania 436,801 Mwanza
27%
Tunisia 164,123 Sousse
27%
Tanzania 403,658 Zanzibar
27%
Sierra Leone 174,354 Bo
20%
Zimbabwe 699,385 Bulawayo
20%
Sudan 1,200,000 Omdurman
20%
Gambia 340,000 Serekunda
20%
Namibia 52,058 Walvis Bay
20%
Equatorial Guinea 173,046 Bata
13%
Botswana 89,979 Francistown
13%
Zambia 400,914 Kitwe
13%
Gabon 109,163 Port-Gentil
13%
Senegal 529,176 Touba
13%
Niger 191,424 Zinder
13%
Ivory Coast 567,481 Bouake
7%
Zimbabwe 340,360 Chitungwiza
7%
Ethiopia 252,279 Dire Dawa
7%
Cameroon 436,899 Garoua
7%
Uganda 146,858 Gulu
7%
Angola 226,145 Huambo
7%
South Sudan 160,765 Malakal
7%
Mozambique 675,422 Matola
7%
Ethiopia 215,546 Mek'ele
7%
Botswana 63,248 Molepolole
7%
Malawi 175,345 Mzuzu
7%
Kenya 259,903 Nakuru
7%
Mauritania 72,337 Nouadhibou
7%
Namibia 58,172 Rundu
7%
Ghana 360,579 Tamale
7%
Ivory Coast 900,000 Abobo
0%
Benin 385,755 Abomey-Calavi
0%
Djibouti 40,074 'Ali Sabieh
0%
Seychelles 4,183 Anse Boileau
0%
Madagascar 186,253 Antsirabe
0%
Guinea-Bissau 22,521 Bafata
0%
Gambia 43,098 Bakau
0%
Mauritius 111,355 Beau Bassin-Rose Hill
0%
Seychelles 4,163 Bel Ombre
0%
Somalia 242,344 Berbera
0%
Central African Republic 129,655 Bimbo
0%
Burkina Faso 360,106 Bobo-Dioulasso
0%
Algeria 786,499 Boumerdes
0%
Gambia 77,700 Brikama
0%
Rwanda 89,600 Butare
0%
Guinea 1,871,242 Camayenne
0%
Djibouti 40,074 Danan
0%
Benin 237,040 Djougou
0%
Republic of The Congo 103,894 Dolisie
0%
Equatorial Guinea 24,831 Ebebiyin
0%
Comoros 14,966 Fomboni
0%
Gabon 42,967 Franceville
0%
Guinea-Bissau 14,430 Gabu
0%
Liberia 45,835 Gbarnga
0%
Rwanda 87,613 Gitarama
0%
Somalia 477,876 Hargeysa
0%
Liberia 33,945 Kakata
0%
Togo 104,207 Kara
0%
Sierra Leone 143,137 Kenema
0%
Eritrea 74,800 Keren
0%
Burkina Faso 87,347 Koudougou
0%
Lesotho 47,675 Leribe
0%
Uganda 119,323 Lira
0%
Lesotho 57,059 Mafeteng
0%
Niger 163,487 Maradi
0%
Eritrea 23,100 Massawa
0%
Central African Republic 67,132 Mbaiki
0%
Cape Verde 70,611 Mindelo
0%
Libya 386,120 Misratah
0%
Mali 108,456 Mopti
0%
Chad 135,167 Moundou
0%
Comoros 23,594 Moutsamoudou
0%
Burundi 71,076 Muyinga
0%
Angola 383,100 N'dalatando
0%
Zambia 394,518 Ndola
0%
Mauritania 60,000 Nema
0%
Sudan 565,734 Nyala
0%
Guinea 132,728 Nzerekore
0%
Senegal 874,062 Pikine
0%
Burundi 38,458 Ruyigi
0%
Cape Verde 17,231 Santa Maria
0%
São Tomé and Príncipe 1,156 Santo Antonio
0%
Chad 102,528 Sarh
0%
Mali 144,786 Sikasso
0%
Togo 117,811 Sokode
0%
Madagascar 206,373 Toamasina
0%
Mauritius 110,000 Vacoas
0%
South Sudan 300,000 Winejok
0%
No matching quizzes found
Score Distribution
Percent of People with Each Score
Percentile by Number Answered
Your Score History
You have not taken this quiz